LEADER 01041nam0 2200277 450 001 000008985 005 20080901170154.0 010 $a88-348-6697-5 100 $a20080204d2006----km-y0itay50------ba 101 0 $aita 102 $aIT 105 $ay-------001yy 200 1 $a<>società dell' informazione$elibertà, pluralismo, risorse$eatti del Convegno dell'Associazione di diritto pubblico comparato ed europeo, San Marino, 30 settembre 2005$fa cura e con prefazione di Guido Guidi 210 $aTorino$cGiappichelli$dc2006 215 $aIX, 183 p.$d24 cm 225 2 $aDiritto pubblico comparato ed europeo$iConvegni$v7 410 0$12001$aDiritto pubblico comparato ed europeo. Convegni 610 1 $aInformazione$aDiritto - Congressi - 610 1 $aSan Marino $a2005 676 $a343.099$v20 702 1$aGuidi,$bGuido 801 0$aIT$bUNIPARTHENOPE$c20080204$gRICA$2UNIMARC 912 $a000008985 951 $a343-S/19$b40180$cNAVA1$d2008 996 $aSocietà dell' informazione$91204605 997 $aUNIPARTHENOPE LEADER 01830nam0 22004453i 450 001 BVE0015151 005 20231121125411.0 010 $a0198140053 100 $a20151104d1978 ||||0itac50 ba 101 | $aeng$agrc$cgrc 102 $agb 181 1$6z01$ai $bxxxe 182 1$6z01$an 200 1 $aWorks & days$fHesiod$gedited with prolegomena and commentary by M. L. West 210 $aOxford$cClarendon press$d1978 215 $aXIII, 399 p.$d23 cm 300 $aCon il testo orig. 500 10$aOpera et dies$3BVEE005043$9CFIV035630$91386927 517 1 $aWorks and days.$9BVE0036924 606 $aEsiodo . Le *Opere e i giorni$xEdizioni critiche$2FIR$3RMLC418511$9E 676 $a883.01$9Poesia epica e narrativa greca classica. Periodo antico, fino al 499 ca.$v22 700 0$aHesiodus$3CFIV035630$4070$0438602 702 1$aWest$b, Martin L.$3CFIV050249 790 0$aHesiod$3BVEV013427$zHesiodus 790 0$aEsiodo$3CFIV035632$zHesiodus 790 0$aHesiodo$3CFIV165930$zHesiodus 790 0$aHésiode$3SBNV037895$zHesiodus 790 1$aWest$b, Martin Litchfield$3CFIV159969$zWest, Martin L. 790 1$aWest$b, Martin$3SBNV102347$zWest, Martin L. 790 1$aWest$b, Martin L.$f <1937-2015>$3USMV979719$zWest, Martin L. 790 1$aWest$b, M. L.$3UTOV555417$zWest, Martin L. 801 3$aIT$bIT-01$c20151104 850 $aIT-RM0418 $aIT-FR0017 899 $aBIBLIOTECA ACCADEMIA NAZ. DEI LINCEI E CORSINIANA$bRM0418 899 $aBiblioteca umanistica Giorgio Aprea$bFR0017 $eN 912 $aBVE0015151 950 0$aBiblioteca umanistica Giorgio Aprea$d 52S.SIJ. LG1 Hes.Ope.Die.Wes.$e 52SBA0000347775 VMN RS $fA $h20180517$i20180517 977 $a 10$a 52 996 $aOpera et dies$91386927 997 $aUNICAS